000 01229nam a2200325 i 4500
001 000003012
003 DO-SdBNP
005 20250701135406.0
007 ta
008 090630s1985 dr a r 000 0 spa d
040 _aDO-SdBNP
_bspa
_cBNPHU
_erda
082 4 _a658.401
_bM433c
_222
100 1 _aMatos Matos, Milcíades Ml.
_96639
245 1 0 _aCómo preparar y evaluar los estudios de factibilidad :
_bproyectos de desarrollo económico /
_cMilcíades Ml. Matos Matos ; revisión Luís Eduardo Tonos.
264 _aSanto Domingo :
_bAmigo del Hogar,
_c1985.
300 _a249 páginas :
_bilustraciones ;
_c24 cm.
336 _2rdacontent
_atexto
_btx
337 _2rdamedia
_asin mediación
_bn
338 _2rdacarrier
_avolumen
_bnc
500 _aIncluye referencias bibliográficas y notas al pie de las páginas
590 _aInventariado, 2018/ YL
650 4 _aEstudios de factibilidad
_96640
650 4 _aEvaluación de proyectos
_xAspectos económicos
_96642
650 4 _aPlanificación económica
_96641
650 0 _aProyectos de desarrollo económico
_96643
650 0 _aMercadotecnia
_96644
700 1 _aTonos, Luís Eduardo
_99552
910 _aValidado. Control de calidad MMOLINA
942 _2ddc
_cLBS1
999 _c2844
_d2844